000
00291nam a22001217a 4500
008
230620b xxu||||| |||| 00| 0 eng d
082
_a
325.67
_2
CHU
100
_c
Major Archibald Church
245
_a
East Africa
_b
A new dominion
260
_a
London
_c
1927
300
_a
315p
942
_2
ddc
_c
BK
999
_c
1923
_d
1923